All LEGO Dark Side Users - Statistics

General Stats
  • This quiz has been taken 22 times
  • The average score is 15 of 27
Answer Stats
Answer % Correct
Darth Vader
100%
Maul
100%
Darth Sidious
94%
Count Dooku
88%
Kylo Ren
88%
Reva Sevander
76%
Snoke
76%
Asajj Ventress
71%
Darth Revan
71%
Darth Rey
71%
Grand Inquisitor
65%
Savage Opress
65%
Fifth Brother
59%
Darth Malgus
53%
Barriss Offee
47%
Darth Jar Jar
47%
Starkiller
41%
Darth Malak
35%
Jek-14
35%
Darth Dev
29%
Pong Krell
29%
Sith Warrior
29%
Baylan Skoll
24%
Naare
24%
Shin Hati
24%
Marrok
18%
M-OC Hunter Droid
18%
No matching quizzes found
Score Distribution
Percent of People with Each Score
Percentile by Number Answered
Your Score History
You have not taken this quiz